Microbiology with diseases by taxonomy
1. A Brief History of Microbiology2. The Chemistry of Microbiology3. Cell Structure and Function4. Microscopy, Staining, and Classification5. Microbial Metabolism6. Microbial Nutrition and Growth7. Microbial Genetics8. Recombinant DNA Technology9. Controlling Microbial Growth in the Environment10. C...
Guardado en:
| Autor principal: | |
|---|---|
| Formato: | Libro |
| Lenguaje: | Undetermined |
| Publicado: |
Harlow, England
Pearson
2017
|
| Materias: | |
| Etiquetas: |
Agregar Etiqueta
Sin Etiquetas, Sea el primero en etiquetar este registro!
|
| Thư viện lưu trữ: | Trung tâm Học liệu Trường Đại học Cần Thơ |
|---|
| LEADER | 01508nam a2200205Ia 4500 | ||
|---|---|---|---|
| 001 | CTU_224644 | ||
| 008 | 210402s9999 xx 000 0 und d | ||
| 020 | |c 772000 | ||
| 082 | |a 616.9041 | ||
| 082 | |b B347 | ||
| 100 | |a Bauman, Robert W. | ||
| 245 | 0 | |a Microbiology with diseases by taxonomy | |
| 245 | 0 | |c Robert W. Bauman | |
| 260 | |a Harlow, England | ||
| 260 | |b Pearson | ||
| 260 | |c 2017 | ||
| 520 | |a 1. A Brief History of Microbiology2. The Chemistry of Microbiology3. Cell Structure and Function4. Microscopy, Staining, and Classification5. Microbial Metabolism6. Microbial Nutrition and Growth7. Microbial Genetics8. Recombinant DNA Technology9. Controlling Microbial Growth in the Environment10. Controlling Microbial Growth in the Body: Antimicrobial Drugs11. Characterizing and Classifying Prokaryotes12. Characterizing and Classifying Eukaryotes13. Characterizing and Classifying Viruses, Viroids, and Prions14. Infection, Infectious Diseases, and Epidemiology15. Innate Immunity16. Adaptive Immunity17. Immunization and Immune Testing18. Immune Disorders19. Pathogenic Gram-Positive Bacteria20. Pathogenic Gram-Negative Cocci and Bacilli21. Rickettsias, Chlamydias, Spirochetes, and Vibrios22. Pathogenic Fungi23. Parasitic Protozoa, Helminths, and Arthropod Vectors24. Pathogenic DNA Viruses25. Pathogenic RNA Viruses26. Applied and Environmental Microbiology | ||
| 650 | |a Microbiology,Vi trùng học | ||
| 904 | |i Bằng | ||
| 980 | |a Trung tâm Học liệu Trường Đại học Cần Thơ | ||